[Event "Koge Bugt Basis 1 "]
[Site "Solrod"]
[Date "1999.08.24"]
[Round "1"]
[White "Both, Erik"]
[Black "Christensen, Verner"]
[Result "0-1"]
[WhiteElo "1467"]
[BlackElo "1830"]
[PlyCount "23"]
[EventDate "1999.??.??"]
[EventType "tourn"]
[EventRounds "7"]
[EventCountry "DEN"]

1. d4 Nf6 2. Nc3 g6 3. e4 d6 4. f4 Bg7 5. Nf3 O-O 6. Bd3 c5 7. Be3 Ng4 8. Qd2
Nxe3 9. Qxe3 cxd4 10. Nxd4 Qb6 11. Nd5 Qxd4 12. Nxe7+ 0-1

[Event "Koge Bugt Basis 1 "]
[Site "Solrod"]
[Date "1999.08.24"]
[Round "1"]
[White "Kaaber Hansen, Jacob"]
[Black "Hansen, Freddie"]
[Result "1-0"]
[WhiteElo "1668"]
[BlackElo "1754"]
[PlyCount "37"]
[EventDate "1999.??.??"]
[EventType "tourn"]
[EventRounds "7"]
[EventCountry "DEN"]

1. d4 d5 2. Nc3 Nf6 3. Bg5 Bf5 4. f3 h6 5. Bxf6 gxf6 6. e4 dxe4 7. fxe4 Bg6 8.
Nf3 Bg7 9. Bc4 c6 10. O-O b5 11. Bb3 Bh5 12. Qd3 Nd7 13. Nh4 Qc7 14. Rae1 Rd8
15. Qh3 Rg8 16. Rf5 Bg6 17. Nxg6 fxg6 18. Bxg8 gxf5 19. Qh5+ 1-0

[Event "Koge Bugt Basis 1 "]
[Site "Solrod"]
[Date "1999.08.24"]
[Round "1"]
[White "Taskiran, Erol"]
[Black "Nielsen, Kurt Sogaard"]
[Result "0-1"]
[WhiteElo "1599"]
[BlackElo "1520"]
[PlyCount "102"]
[EventDate "1999.??.??"]
[EventType "tourn"]
[EventRounds "7"]
[EventCountry "DEN"]

1. e4 e5 2. Nf3 Nc6 3. d4 exd4 4. Bc4 Be7 5. O-O d6 6. Nxd4 Ne5 7. Bb3 Nf6 8.
Nc3 Bd7 9. f4 Nc6 10. Nxc6 Bxc6 11. e5 dxe5 12. fxe5 Bc5+ 13. Kh1 Qxd1 14. Nxd1
Nd5 15. c4 Nb4 16. Ne3 Rd8 17. a3 Nd3 18. Ng4 O-O 19. Bc2 Nxc1 20. Raxc1 Rd2
21. Rf3 Bxf3 22. gxf3 h5 23. b4 Bd4 24. Nh6+ gxh6 25. f4 Be3 26. f5 Rxh2+ 27.
Kxh2 Bxc1 28. a4 Rd8 29. Be4 c6 30. b5 cxb5 31. axb5 Rd7 32. Bd5 Bf4+ 33. Kh3
Bxe5 34. Kh4 Kg7 35. Kxh5 Bf4 36. Kg4 Bg5 37. Bf3 Kf6 38. c5 Rd4+ 39. Kg3 Rb4
40. Bxb7 Rxb5 41. c6 Rc5 42. Kf3 a5 43. Ke4 a4 44. Kd4 Rc1 45. Kd5 a3 46. Kd6
Bf4+ 47. Kd7 a2 48. c7 Rxc7+ 49. Kd8 Rxb7 50. Ke8 a1=Q 51. Kf8 Qa8# 0-1

[Event "Koge Bugt Basis 1 "]
[Site "Solrod"]
[Date "1999.08.24"]
[Round "1"]
[White "Christensen, Peter"]
[Black "Rasmussen, Bjorn"]
[Result "0-1"]
[WhiteElo "1581"]
[BlackElo "1672"]
[PlyCount "102"]
[EventDate "1999.??.??"]
[EventType "tourn"]
[EventRounds "7"]
[EventCountry "DEN"]

1. d4 Nf6 2. c4 e5 3. dxe5 Ng4 4. Nf3 Bc5 5. e3 Nc6 6. a3 a5 7. Nc3 Ngxe5 8.
Nxe5 Nxe5 9. Nd5 c6 10. Nc3 O-O 11. Ne4 Qe7 12. Nxc5 Qxc5 13. b3 Re8 14. Bb2
Qe7 15. g3 d6 16. Bg2 Bg4 17. Qc2 Nf3+ 18. Bxf3 Bxf3 19. O-O Qg5 20. Qc3 f6 21.
Rfe1 Re4 22. Qd3 Rae8 23. Rad1 Rh4 24. e4 Bxd1 25. Rxd1 Rhxe4 26. Qxd6 Qg6 27.
Bc3 Re2 28. Qd3 Qxd3 29. Rxd3 b6 30. c5 b5 31. Bxa5 Rc2 32. Bc3 Ree2 33. Bd4
Rcd2 34. Re3 Rxe3 35. Bxe3 Rd3 36. a4 bxa4 37. bxa4 Ra3 38. Bf4 Rxa4 39. Bd6
Kf7 40. Kg2 Ke6 41. h4 g6 42. Kf3 f5 43. Ke2 Ra2+ 44. Ke3 Ra4 45. f3 Kd5 46.
Kd3 Ra3+ 47. Ke2 Rc3 48. Kf2 Rxc5 49. Bxc5 Kxc5 50. Ke3 Kc4 51. Ke2 Kd4 0-1

[Event "Koge Bugt Basis 1 "]
[Site "Solrod"]
[Date "1999.08.31"]
[Round "2"]
[White "Christensen, Verner"]
[Black "Kaaber Hansen, Jacob"]
[Result "1/2-1/2"]
[WhiteElo "1830"]
[BlackElo "1668"]
[PlyCount "72"]
[EventDate "1999.??.??"]
[EventType "tourn"]
[EventRounds "7"]
[EventCountry "DEN"]

1. e4 c5 2. d4 cxd4 3. c3 dxc3 4. Nxc3 Nc6 5. Bc4 e6 6. Nf3 d6 7. O-O Be7 8.
Qe2 Nf6 9. Rd1 Bd7 10. Bg5 Qb8 11. Rac1 O-O 12. e5 Ne8 13. Bxe7 Nxe7 14. Ng5 d5
15. Bd3 g6 16. Bb1 Bc6 17. Rd4 h6 18. Nh3 Ng7 19. g4 b5 20. Qd2 Kh7 21. Ng5+
hxg5 22. Qxg5 Nc8 23. Rd3 Rh8 24. Rh3+ Kg8 25. Rxh8+ Kxh8 26. Ne2 Qb6 27. Rc3
Kg8 28. Rh3 Qa5 29. Qh6 Qe1+ 30. Kg2 d4+ 31. Kg3 Nh5+ 32. gxh5 Qxe2 33. hxg6
Qf3+ 34. Kh4 Qxf2+ 35. Kg4 Qg2+ 36. Kh4 Qf2+ 1/2-1/2

[Event "Koge Bugt Basis 1 "]
[Site "Solrod"]
[Date "1999.08.31"]
[Round "2"]
[White "Christensen, Peter"]
[Black "Both, Erik"]
[Result "1-0"]
[WhiteElo "1581"]
[BlackElo "1467"]
[PlyCount "73"]
[EventDate "1999.??.??"]
[EventType "tourn"]
[EventRounds "7"]
[EventCountry "DEN"]

1. d4 d5 2. c4 c6 3. Nf3 Nf6 4. e3 Bf5 5. Nc3 e6 6. Bd3 Bxd3 7. Qxd3 dxc4 8.
Qxc4 Nbd7 9. O-O Be7 10. e4 Nb6 11. Qd3 O-O 12. Be3 Qc7 13. Rac1 Rfd8 14. e5
Nfd5 15. Bg5 Rd7 16. Ne4 Rad8 17. Be3 Qb8 18. Neg5 g6 19. a3 Nc7 20. Qe4 Kg7
21. Qf4 Bxg5 22. Nxg5 Nbd5 23. Qh4 Rh8 24. Ne4 Nxe3 25. fxe3 Qd8 26. Qg3 Ne8
27. h4 Rf8 28. Rf3 f5 29. Rcf1 Rdf7 30. Ng5 Re7 31. h5 h6 32. Nh3 g5 33. Nf4
Rff7 34. Nh3 Kh7 35. Nf2 Ng7 36. Qh2 g4 37. Nxg4 1-0

[Event "Koge Bugt Basis 1 "]
[Site "Solrod"]
[Date "1999.08.31"]
[Round "2"]
[White "Rasmussen, Bjorn"]
[Black "Nielsen, Kurt Sogaard"]
[Result "1-0"]
[WhiteElo "1672"]
[BlackElo "1520"]
[PlyCount "61"]
[EventDate "1999.??.??"]
[EventType "tourn"]
[EventRounds "7"]
[EventCountry "DEN"]

1. e4 e5 2. Nf3 Nc6 3. d4 exd4 4. Bc4 d6 5. Nxd4 Ne5 6. Bb3 Nf6 7. Nc3 Bd7 8.
O-O a6 9. a4 Qe7 10. Bg5 c6 11. Re1 h6 12. Bh4 O-O-O 13. Nf5 Bxf5 14. exf5 Qc7
15. Bg3 h5 16. h3 h4 17. Bxe5 dxe5 18. Qe2 Bd6 19. Ne4 Nxe4 20. Qxe4 f6 21.
Be6+ Kb8 22. c3 Qe7 23. b4 g5 24. Reb1 Bc7 25. b5 cxb5 26. axb5 a5 27. b6 Bd6
28. Rxa5 Bc5 29. Ra8+ Kxa8 30. Qa4+ Kb8 31. Qa7# 1-0

[Event "Koge Bugt Basis 1 "]
[Site "Solrod"]
[Date "1999.08.31"]
[Round "2"]
[White "Hansen, Freddie"]
[Black "Taskiran, Erol"]
[Result "1-0"]
[WhiteElo "1754"]
[BlackElo "1599"]
[PlyCount "115"]
[EventDate "1999.??.??"]
[EventType "tourn"]
[EventRounds "7"]
[EventCountry "DEN"]

1. e4 e6 2. d4 d5 3. Nc3 Nf6 4. Bg5 Be7 5. e5 Nfd7 6. Bxe7 Qxe7 7. f4 a6 8. Nf3
c5 9. Be2 Nc6 10. O-O O-O 11. Kh1 f5 12. a4 c4 13. Qd2 Qb4 14. Rfb1 Na5 15. Ne4
Qe7 16. Nd6 b6 17. b4 cxb3 18. cxb3 Nb7 19. Nxb7 Bxb7 20. b4 Rfc8 21. Rc1 Nf8
22. Qb2 Ng6 23. g3 Qe8 24. b5 a5 25. Rxc8 Rxc8 26. Rc1 h6 27. Rc3 Ne7 28. Qc2
Qd8 29. Rxc8 Bxc8 30. Kg2 Bd7 31. h3 Ng6 32. Bd3 Nh8 33. Nh2 Nf7 34. g4 g5 35.
gxf5 gxf4 36. f6 Kh8 37. Qf2 Qg8+ 38. Kh1 Qg3 39. Qxg3 fxg3 40. Nf3 Kg8 41. Kg2
Nh8 42. Kxg3 Kf7 43. Nh4 Be8 44. Ng2 Ng6 45. Nf4 Nh8 46. Bh7 Bd7 47. Kg4 Kf8
48. Ng6+ Nxg6 49. Bxg6 Kg8 50. Kh5 Kh8 51. Kxh6 Kg8 52. Kg5 Kh8 53. h4 Kg8 54.
h5 Kh8 55. h6 Kg8 56. f7+ Kf8 57. h7 Kg7 58. h8=Q+ 1-0

[Event "Koge Bugt Basis 1 "]
[Site "Solrod"]
[Date "1999.09.07"]
[Round "3"]
[White "Taskiran, Erol"]
[Black "Christensen, Verner"]
[Result "0-1"]
[WhiteElo "1599"]
[BlackElo "1830"]
[PlyCount "110"]
[EventDate "1999.??.??"]
[EventType "tourn"]
[EventRounds "7"]
[EventCountry "DEN"]

1. d4 Nf6 2. c4 c5 3. d5 d6 4. Nc3 g6 5. Nf3 Bg7 6. e4 O-O 7. Bd3 e6 8. O-O
exd5 9. exd5 a6 10. Bg5 Qc7 11. Qd2 Nbd7 12. Rae1 Re8 13. Rxe8+ Nxe8 14. Re1
Ndf6 15. Ne4 Nxe4 16. Rxe4 Nf6 17. Bxf6 Bxf6 18. Qh6 Bf5 19. Re3 Bxd3 20. Rxd3
Re8 21. Kf1 Qa5 22. Ra3 Qb4 23. Qd2 Qxc4+ 24. Kg1 Re2 25. Qd1 Qc2 26. Qf1 Bxb2
27. Ne1 Qd1 28. Re3 Rxe3 29. fxe3 Bc3 30. Nd3 Qxf1+ 31. Kxf1 b5 32. Ke2 b4 33.
Kd1 a5 34. Kc2 f5 35. Kb3 Bd2 36. Nf4 Bxe3 37. Ne6 g5 38. Nd8 g4 39. Nb7 Bf4
40. g3 Be5 41. Nxa5 f4 42. gxf4 Bxf4 43. Nc4 g3 44. hxg3 Bxg3 45. Ne3 h5 46.
Kc4 Kf7 47. Kd3 Kf6 48. Ke4 Kg5 49. Kf3 h4 50. Nc4 Kf5 51. Kg2 Ke4 52. Nb6 Kd4
53. Kf3 c4 54. Na4 c3 55. Nxc3 Kxc3 0-1

[Event "Koge Bugt Basis 1 "]
[Site "Solrod"]
[Date "1999.09.07"]
[Round "3"]
[White "Both, Erik"]
[Black "Rasmussen, Bjorn"]
[Result "1/2-1/2"]
[WhiteElo "1467"]
[BlackElo "1672"]
[PlyCount "59"]
[EventDate "1999.??.??"]
[EventType "tourn"]
[EventRounds "7"]
[EventCountry "DEN"]

1. d4 Nf6 2. Nc3 d5 3. Bg5 Nbd7 4. Nf3 g6 5. e3 Bg7 6. Bd3 O-O 7. O-O Re8 8.
Re1 c6 9. e4 dxe4 10. Nxe4 Nxe4 11. Rxe4 Nf6 12. Bxf6 exf6 13. c3 Rxe4 14. Bxe4
Be6 15. Qc2 Qd7 16. Re1 Rd8 17. Qa4 a6 18. a3 Bg4 19. h3 Be6 20. b4 Bh6 21. Qc2
Bf4 22. Qe2 Re8 23. Qc2 Bc4 24. Bd3 Rxe1+ 25. Nxe1 Be6 26. a4 b5 27. a5 Bxh3
28. gxh3 Qxh3 29. Be4 Bh2+ 30. Kh1 1/2-1/2

[Event "Koge Bugt Basis 1 "]
[Site "Solrod"]
[Date "1999.09.07"]
[Round "3"]
[White "Kaaber Hansen, Jacob"]
[Black "Christensen, Peter"]
[Result "1-0"]
[WhiteElo "1668"]
[BlackElo "1581"]
[PlyCount "93"]
[EventDate "1999.??.??"]
[EventType "tourn"]
[EventRounds "7"]
[EventCountry "DEN"]

1. d4 d5 2. c4 e6 3. Nc3 Nf6 4. Bg5 c6 5. e3 Nbd7 6. Nf3 Qa5 7. c5 b6 8. cxb6
axb6 9. Bd3 Ba6 10. O-O Bxd3 11. Qxd3 b5 12. Rfc1 Be7 13. Ne2 Rc8 14. a3 O-O
15. Ne5 Nb8 16. f4 Qd8 17. Rc2 Ne4 18. Bxe7 Qxe7 19. Rac1 Qb7 20. Nc3 Nd6 21.
e4 f6 22. Nf3 Qf7 23. b3 Nxe4 24. Nxe4 dxe4 25. Qxe4 Rc7 26. b4 Re8 27. Nd2 e5
28. dxe5 fxe5 29. fxe5 Rce7 30. Nf3 Qb3 31. Rc3 Qe6 32. Rf1 Rf8 33. Rf2 Qh6 34.
Rfc2 Rd8 35. Rd3 Rdd7 36. Rxd7 Rxd7 37. Qe2 Qh5 38. Rd2 Re7 39. Qe4 Qe8 40. Rd6
Nd7 41. e6 Nf8 42. Nd4 Qb8 43. Qxc6 Rc7 44. Qd5 Rc1+ 45. Kf2 Nxe6 46. Qxe6+ Kh8
47. Qe7 1-0

[Event "Koge Bugt Basis 1 "]
[Site "Solrod"]
[Date "1999.09.07"]
[Round "3"]
[White "Nielsen, Kurt Sogaard"]
[Black "Hansen, Freddie"]
[Result "0-1"]
[WhiteElo "1520"]
[BlackElo "1754"]
[PlyCount "58"]
[EventDate "1999.??.??"]
[EventType "tourn"]
[EventRounds "7"]
[EventCountry "DEN"]

1. e4 e5 2. Nf3 Nc6 3. Bc4 Nf6 4. Nc3 Nxe4 5. Bxf7+ Kxf7 6. Nxe4 d5 7. Ng3 Be7
8. d4 e4 9. Ng1 Rf8 10. c3 Kg8 11. N1e2 Bg5 12. Be3 Bxe3 13. fxe3 Ne7 14. Nf4
Nf5 15. Nxf5 Rxf5 16. h3 Rf7 17. Qh5 c6 18. O-O-O b5 19. a3 a5 20. b4 axb4 21.
axb4 Rfa7 22. Kb2 Ra2+ 23. Kb1 Ra1+ 24. Kb2 R8a2+ 25. Kb3 Ra3+ 26. Kb2 R1a2+
27. Kb1 Bd7 28. Kc1 Qa8 29. Ne2 Qa4 0-1

[Event "Koge Bugt Basis 1 "]
[Site "Solrod"]
[Date "1999.09.14"]
[Round "4"]
[White "Christensen, Verner"]
[Black "Nielsen, Kurt Sogaard"]
[Result "1/2-1/2"]
[WhiteElo "1830"]
[BlackElo "1520"]
[PlyCount "83"]
[EventDate "1999.??.??"]
[EventType "tourn"]
[EventRounds "7"]
[EventCountry "DEN"]

1. e4 e5 2. Nc3 Nf6 3. Bc4 Bc5 4. d3 d6 5. f4 Nc6 6. f5 a6 7. Bg5 Bb4 8. Nge2
Na5 9. Bb3 Nxb3 10. axb3 Bd7 11. O-O c6 12. Ng3 h6 13. Bh4 Qb6+ 14. Kh1 O-O-O
15. Na4 Qa7 16. c3 Bc5 17. Nxc5 Qxc5 18. d4 Qb6 19. Rf3 Rde8 20. dxe5 dxe5 21.
Rd3 Qc7 22. Bxf6 gxf6 23. Nh5 Rd8 24. Nxf6 h5 25. Qf3 Be8 26. Rad1 Rxd3 27.
Rxd3 Qe7 28. Nxe8 Qxe8 29. Qd1 f6 30. Rd6 Qe7 31. b4 Kc7 32. Rd3 Qf7 33. b3 Rg8
34. c4 Rg4 35. Qe1 Qg8 36. Rg3 Qg5 37. Rxg4 Qxg4 38. c5 h4 39. h3 Qf4 40. Kg1
Kd8 41. Kh1 Kc7 42. Kg1 1/2-1/2

[Event "Koge Bugt Basis 1 "]
[Site "Solrod"]
[Date "1999.09.14"]
[Round "4"]
[White "Christensen, Peter"]
[Black "Taskiran, Erol"]
[Result "0-1"]
[WhiteElo "1581"]
[BlackElo "1599"]
[PlyCount "130"]
[EventDate "1999.??.??"]
[EventType "tourn"]
[EventRounds "7"]
[EventCountry "DEN"]

1. d4 d5 2. c4 c6 3. Nc3 Nf6 4. Nf3 dxc4 5. e4 b5 6. b3 b4 7. e5 Nd5 8. Nxd5
cxd5 9. bxc4 a5 10. Be3 e6 11. Bd3 Be7 12. O-O O-O 13. Nd2 Ba6 14. Qg4 Re8 15.
Rad1 Nd7 16. Qh3 Nf8 17. Qg3 Rc8 18. f4 f5 19. Bf2 Ng6 20. Be2 Bh4 21. Qe3
Bxf2+ 22. Rxf2 Re7 23. c5 Bxe2 24. Qxe2 Rec7 25. g3 Qe8 26. Nf3 Ne7 27. Ng5 Nc6
28. Qd3 a4 29. Rb2 Rb8 30. Nf3 Rcb7 31. Nd2 Rb5 32. Nb1 Na5 33. Nd2 b3 34. axb3
a3 35. Ra2 Nxb3 36. Nxb3 Rxb3 37. Qa6 Ra8 38. Qd6 Rb2 39. Rda1 Rd8 40. Qa6 Rb4
41. Qd3 Qa4 42. Rxa3 Rxd4 43. Rxa4 Rxd3 44. Rc1 Kf8 45. Ra7 d4 46. c6 Rc8 47.
Rd7 Rc3 48. Rd1 R8xc6 49. R1xd4 Rc2 50. Ra7 Rc8 51. Rdd7 Rb8 52. Rf7+ Ke8 53.
Rae7+ Kd8 54. Rf8+ Kxe7 55. Rxb8 h5 56. Rb7+ Kf8 57. Rd7 Re2 58. Rc7 h4 59.
Rc8+ Kf7 60. Rh8 hxg3 61. hxg3 g5 62. Rh7+ Kg6 63. Re7 gxf4 64. Rxe6+ Kg5 65.
gxf4+ Kxf4 0-1

[Event "Koge Bugt Basis 1 "]
[Site "Solrod"]
[Date "1999.09.14"]
[Round "4"]
[White "Rasmussen, Bjorn"]
[Black "Hansen, Freddie"]
[Result "1-0"]
[WhiteElo "1672"]
[BlackElo "1754"]
[PlyCount "77"]
[EventDate "1999.??.??"]
[EventType "tourn"]
[EventRounds "7"]
[EventCountry "DEN"]

1. e4 e5 2. Nf3 Nc6 3. d4 exd4 4. Bc4 Nf6 5. O-O Nxe4 6. Re1 d5 7. Bxd5 Qxd5 8.
Nc3 Qa5 9. Nxe4 Be6 10. Neg5 O-O-O 11. Nxe6 fxe6 12. Rxe6 h6 13. Qe2 Bd6 14.
Bd2 Qb6 15. b3 g5 16. a4 a5 17. Qb5 Bc5 18. Ne5 Qxb5 19. axb5 Nxe5 20. Rxe5 Bd6
21. Re6 b6 22. Rae1 Kd7 23. g3 Bc5 24. Kg2 Rdf8 25. f4 g4 26. h3 h5 27. hxg4
hxg4 28. Rg6 Rhg8 29. Ree6 Rxg6 30. Rxg6 Rf5 31. Rxg4 Be7 32. Kf3 Rxb5 33. Ke4
Bb4 34. Bxb4 Rxb4 35. Rg7+ Kd8 36. f5 a4 37. bxa4 Rxa4 38. f6 Ke8 39. Rxc7 1-0

[Event "Koge Bugt Basis 1 "]
[Site "Solrod"]
[Date "1999.09.14"]
[Round "4"]
[White "Both, Erik"]
[Black "Kaaber Hansen, Jacob"]
[Result "1-0"]
[WhiteElo "1467"]
[BlackElo "1668"]
[PlyCount "77"]
[EventDate "1999.??.??"]
[EventType "tourn"]
[EventRounds "7"]
[EventCountry "DEN"]

1. d4 d5 2. Nc3 e6 3. e4 Nf6 4. Bg5 Be7 5. e5 Nfd7 6. Bxe7 Qxe7 7. f4 a6 8. Nf3
c5 9. b3 Nc6 10. Qd2 b5 11. Be2 Bb7 12. O-O cxd4 13. Nxd4 Qc5 14. Rad1 Rc8 15.
Rf3 b4 16. Na4 Qxd4+ 17. Qxd4 Nxd4 18. Rxd4 Rxc2 19. Rxb4 Bc6 20. Bxa6 Rxa2 21.
Rc3 Bxa4 22. Rc8+ Ke7 23. Rxh8 Bxb3 24. Rxb3 Nc5 25. Rb6 Rxa6 26. Rxa6 Nxa6 27.
Rxh7 g6 28. Kf2 Nc5 29. Rh8 Ne4+ 30. Ke3 f6 31. Rh7+ Kf8 32. exf6 Nxf6 33. Ra7
Ng8 34. Kd4 Ne7 35. Rc7 Nf5+ 36. Ke5 Ng7 37. Ra7 Kg8 38. g4 Kf8 39. Kf6 1-0

[Event "Koge Bugt Basis 1 "]
[Site "Solrod"]
[Date "1999.09.21"]
[Round "5"]
[White "Hansen, Freddie"]
[Black "Christensen, Verner"]
[Result "0-1"]
[WhiteElo "1754"]
[BlackElo "1830"]
[PlyCount "46"]
[EventDate "1999.??.??"]
[EventType "tourn"]
[EventRounds "7"]
[EventCountry "DEN"]

1. e4 e5 2. Nf3 Nc6 3. Bb5 f5 4. d4 fxe4 5. Nxe5 Qf6 6. Nxc6 bxc6 7. Be2 d5 8.
O-O Bd6 9. f4 Ne7 10. Be3 O-O 11. Qd2 Nf5 12. g3 Bd7 13. c4 Kh8 14. c5 Be7 15.
Nc3 Qg6 16. Rf2 Nh6 17. Rg2 Bh3 18. Rf2 Rae8 19. Bf1 Bg4 20. Bg2 Qh5 21. Raf1
Nf5 22. Ne2 Rf6 23. h4 Bxe2 0-1

[Event "Koge Bugt Basis 1 "]
[Site "Solrod"]
[Date "1999.09.21"]
[Round "5"]
[White "Nielsen, Kurt Sogaard"]
[Black "Christensen, Peter"]
[Result "1-0"]
[WhiteElo "1520"]
[BlackElo "1581"]
[PlyCount "63"]
[EventDate "1999.??.??"]
[EventType "tourn"]
[EventRounds "7"]
[EventCountry "DEN"]

1. e4 e6 2. Nf3 d5 3. exd5 exd5 4. d4 Nf6 5. Bg5 c6 6. Bd3 Qd6 7. Qe2+ Be7 8.
O-O O-O 9. Re1 Be6 10. Nbd2 Nbd7 11. Ne5 Rfe8 12. f4 g6 13. Qf2 Nh5 14. Bxe7
Rxe7 15. f5 gxf5 16. Bxf5 Ng7 17. Bd3 Rf8 18. Qh4 f5 19. Ndf3 Rf6 20. Re2 Bf7
21. Nxf7 Rexf7 22. Ne5 Rf8 23. Rae1 Rh6 24. Qg5 Qf6 25. Qg3 Qd8 26. Nxd7 Qxd7
27. Re7 Rg6 28. Rxd7 Rxg3 29. hxg3 Nh5 30. Ree7 f4 31. Rxh7 Nf6 32. Rdg7# 1-0

[Event "Koge Bugt Basis 1 "]
[Site "Solrod"]
[Date "1999.09.21"]
[Round "5"]
[White "Kaaber Hansen, Jacob"]
[Black "Rasmussen, Bjorn"]
[Result "1-0"]
[WhiteElo "1668"]
[BlackElo "1672"]
[PlyCount "71"]
[EventDate "1999.??.??"]
[EventType "tourn"]
[EventRounds "7"]
[EventCountry "DEN"]

1. d4 Nf6 2. Nc3 d5 3. Bg5 e6 4. e4 dxe4 5. Nxe4 Be7 6. Bxf6 Bxf6 7. Nf3 Nc6 8.
c3 O-O 9. Bd3 h6 10. O-O Be7 11. Re1 Nb8 12. Bc2 Nd7 13. Qd3 f5 14. Ng3 Nf6 15.
Bb3 Nd5 16. Ne5 Bg5 17. Nh5 Nf6 18. Qxf5 Nxh5 19. Bxe6+ Bxe6 20. Qxe6+ Kh8 21.
Nf7+ Rxf7 22. Qxf7 Nf4 23. g3 Nd5 24. Re5 c6 25. Rae1 Nc7 26. f4 Bf6 27. R5e3
Kh7 28. g4 Qd6 29. g5 Rf8 30. g6+ Kh8 31. Re8 Nxe8 32. Rxe8 Bxd4+ 33. cxd4
Qxd4+ 34. Kg2 Qd2+ 35. Kh3 Qd3+ 36. Kh4 1-0

[Event "Koge Bugt Basis 1 "]
[Site "Solrod"]
[Date "1999.09.21"]
[Round "5"]
[White "Taskiran, Erol"]
[Black "Both, Erik"]
[Result "0-1"]
[WhiteElo "1599"]
[BlackElo "1467"]
[PlyCount "90"]
[EventDate "1999.??.??"]
[EventType "tourn"]
[EventRounds "7"]
[EventCountry "DEN"]

1. d4 d5 2. c4 c6 3. Nc3 Nf6 4. Nf3 dxc4 5. e4 b5 6. Bg5 Nbd7 7. Qc2 Qb6 8. Be2
g6 9. O-O Bg7 10. b3 cxb3 11. Qxb3 e6 12. Qb4 Bf8 13. Qb3 Bg7 14. Rad1 O-O 15.
Rd2 a6 16. Rfd1 c5 17. e5 c4 18. Qb4 Nd5 19. Nxd5 exd5 20. Be7 Re8 21. Bd6 a5
22. Qc3 Bf8 23. Bxf8 Nxf8 24. h4 Bf5 25. Rb2 b4 26. Qc1 c3 27. Qxc3 bxc3 28.
Rxb6 c2 29. Rc1 Rab8 30. Rxb8 Rxb8 31. Nd2 Rb1 32. Nxb1 cxb1=Q 33. Rxb1 Bxb1
34. a3 Ba2 35. h5 g5 36. Bg4 Ne6 37. f3 Nxd4 38. Bd7 Kf8 39. Kf2 Ke7 40. Ba4
Bb3 41. Bxb3 Nxb3 42. g3 Ke6 43. f4 gxf4 44. gxf4 Kf5 45. Ke3 d4+ 0-1

[Event "Koge Bugt Basis 1 "]
[Site "Solrod"]
[Date "1999.09.28"]
[Round "6"]
[White "Rasmussen, Bjorn"]
[Black "Christensen, Verner"]
[Result "1-0"]
[WhiteElo "1672"]
[BlackElo "1830"]
[PlyCount "87"]
[EventDate "1999.??.??"]
[EventType "tourn"]
[EventRounds "7"]
[EventCountry "DEN"]

1. e4 e5 2. Nf3 Nf6 3. d4 Nxe4 4. dxe5 d5 5. Nbd2 Nc5 6. Nb3 Nxb3 7. axb3 Be7
8. Bd3 Nc6 9. c3 Bg4 10. Bf4 g5 11. Bg3 h5 12. h3 Be6 13. Qc2 Qd7 14. b4 h4 15.
Bh2 g4 16. hxg4 Bxg4 17. b5 Nd8 18. Nd4 Bc5 19. f3 Be6 20. Bg1 Rh5 21. g4 Rxe5+
22. Kd2 Bxg4 23. fxg4 Qxg4 24. Be3 Qg3 25. Rae1 Ne6 26. Rhg1 Qh3 27. Bf5 Nxd4
28. Bxd4 Qh2+ 29. Kd1 Qxc2+ 30. Kxc2 Bxd4 31. cxd4 Rxe1 32. Rxe1+ Kf8 33. Rh1
a6 34. Rxh4 Ke7 35. bxa6 Rxa6 36. Rh3 Rc6+ 37. Rc3 Rc4 38. Rxc4 dxc4 39. Kc3 b5
40. Kb4 c6 41. Kc5 f6 42. Kxc6 b4 43. Kc5 c3 44. b3 1-0

[Event "Koge Bugt Basis 1 "]
[Site "Solrod"]
[Date "1999.09.28"]
[Round "6"]
[White "Christensen, Peter"]
[Black "Hansen, Freddie"]
[Result "0-1"]
[WhiteElo "1581"]
[BlackElo "1754"]
[PlyCount "86"]
[EventDate "1999.??.??"]
[EventType "tourn"]
[EventRounds "7"]
[EventCountry "DEN"]

1. d4 d5 2. c4 e6 3. Nc3 Nf6 4. Nf3 Be7 5. Bf4 c6 6. e3 O-O 7. Bd3 dxc4 8. Bxc4
Nd5 9. Bg3 Nd7 10. O-O Nxc3 11. bxc3 Nf6 12. h3 Ne4 13. Qc2 Nxg3 14. fxg3 Qc7
15. Qf2 Bd6 16. Ne5 Bxe5 17. dxe5 Qxe5 18. Rac1 b5 19. Bd3 Bb7 20. c4 b4 21. c5
Rfd8 22. Be2 Rd2 23. Rcd1 Rxd1 24. Rxd1 Qxc5 25. Bd3 g6 26. Bf1 Qb6 27. Qf4 Rd8
28. Rxd8+ Qxd8 29. Qxb4 Qc7 30. a4 c5 31. Qf4 e5 32. Qc4 Bc8 33. h4 Be6 34. Qb5
c4 35. Be2 c3 36. Qb1 c2 37. Qc1 Qc3 38. Kh2 Qb3 39. h5 Qb1 40. Qd2 c1=Q 41. g4
Qh1+ 42. Kg3 Qbe1+ 43. Qxe1 Qxe1+ 0-1

[Event "Koge Bugt Basis 1 "]
[Site "Solrod"]
[Date "1999.09.28"]
[Round "6"]
[White "Kaaber Hansen, Jacob"]
[Black "Taskiran, Erol"]
[Result "0-1"]
[WhiteElo "1668"]
[BlackElo "1599"]
[PlyCount "72"]
[EventDate "1999.??.??"]
[EventType "tourn"]
[EventRounds "7"]
[EventCountry "DEN"]

1. d4 d5 2. Nc3 g6 3. e4 dxe4 4. Nxe4 Bg7 5. c3 Nf6 6. Nxf6+ Bxf6 7. Bc4 O-O 8.
Bh6 Bg7 9. Bxg7 Kxg7 10. Qf3 Nd7 11. g4 c5 12. O-O-O Qb6 13. Ne2 cxd4 14. Rxd4
Ne5 15. Qg3 Nxc4 16. Rxc4 Be6 17. Rb4 Qa6 18. Nd4 Qxa2 19. Nxe6+ Qxe6 20. f4
Rac8 21. f5 Qc6 22. Re1 Rc7 23. Rbe4 Qd6 24. Qh4 Rd8 25. fxg6 hxg6 26. Rxe7
Qd2+ 27. Kb1 Rh8 28. Qg3 Rxh2 29. R7e2 Rxe2 30. Rxe2 Qd1+ 31. Ka2 Rc5 32. Re5
Qd6 33. Re3 Ra5+ 34. Kb3 Qd1+ 35. Kc4 Qd5+ 36. Kb4 Qb5# 0-1

[Event "Koge Bugt Basis 1 "]
[Site "Solrod"]
[Date "1999.09.28"]
[Round "6"]
[White "Both, Erik"]
[Black "Nielsen, Kurt Sogaard"]
[Result "0-1"]
[WhiteElo "1467"]
[BlackElo "1520"]
[PlyCount "92"]
[EventDate "1999.??.??"]
[EventType "tourn"]
[EventRounds "7"]
[EventCountry "DEN"]

1. d4 d5 2. Nc3 Nf6 3. Bg5 e6 4. e4 Be7 5. e5 Nfd7 6. Bxe7 Qxe7 7. f4 c6 8. Nf3
a6 9. Be2 c5 10. dxc5 Qxc5 11. Qd4 Nc6 12. Qxc5 Nxc5 13. O-O O-O 14. Rad1 Rd8
15. Nd4 Nxd4 16. Rxd4 Nd7 17. g4 Nb8 18. a3 Nc6 19. Rd3 Bd7 20. Rfd1 Rac8 21.
Ne4 Na5 22. Rc3 Rxc3 23. Nxc3 Rc8 24. Rd4 g6 25. Bd1 Nc4 26. Ne4 Kg7 27. Nd6
Nxd6 28. exd6 Rc6 29. c3 Rxd6 30. c4 Bc6 31. c5 Rd8 32. g5 Re8 33. h4 e5 34.
fxe5 Rxe5 35. Bf3 Kf8 36. Kf2 Ke7 37. b4 Ke6 38. Bg4+ f5 39. Bf3 Bb5 40. Rd2
Bc4 41. Rd4 Kd7 42. Rf4 Bb3 43. Be2 Ke6 44. Bd3 Ba4 45. h5 Bb5 46. Bc2 Re2+ 0-1

[Event "Koge Bugt Basis 1 "]
[Site "Solrod"]
[Date "1999.10.05"]
[Round "7"]
[White "Hansen, Freddie"]
[Black "Both, Erik"]
[Result "1-0"]
[WhiteElo "1754"]
[BlackElo "1467"]
[PlyCount "49"]
[EventDate "1999.??.??"]
[EventType "tourn"]
[EventRounds "7"]
[EventCountry "DEN"]

1. Nf3 d5 2. d4 c6 3. g3 Nf6 4. Bg2 Bf5 5. Nbd2 h6 6. O-O e6 7. c3 Nbd7 8. Qb3
Qb6 9. Qxb6 axb6 10. Re1 Be7 11. Ne5 c5 12. e4 dxe4 13. Nxd7 Kxd7 14. Nxe4 Bxe4
15. Bxe4 Nxe4 16. Rxe4 c4 17. a3 b5 18. Bd2 Bf6 19. Bf4 Be7 20. Kg2 b4 21. cxb4
Bxb4 22. Rc1 Kc6 23. axb4 Kd5 24. Re5+ Kxd4 25. Rd1# 1-0

[Event "Koge Bugt Basis 1 "]
[Site "Solrod"]
[Date "1999.10.05"]
[Round "7"]
[White "Nielsen, Kurt Sogaard"]
[Black "Kaaber Hansen, Jacob"]
[Result "0-1"]
[WhiteElo "1520"]
[BlackElo "1668"]
[PlyCount "96"]
[EventDate "1999.??.??"]
[EventType "tourn"]
[EventRounds "7"]
[EventCountry "DEN"]

1. e4 c5 2. Nf3 Nc6 3. Nc3 g6 4. Bc4 Bg7 5. O-O Nf6 6. a3 O-O 7. h3 a6 8. Re1
d6 9. d3 b5 10. Ba2 Nd7 11. Bg5 Bb7 12. Rb1 h6 13. Bh4 g5 14. Bg3 Qa5 15. Nd5
e6 16. Bxd6 exd5 17. Bxd5 Rfe8 18. c3 Qb6 19. Bg3 Nce5 20. Bxb7 Qxb7 21. d4
Nxf3+ 22. gxf3 Rad8 23. h4 cxd4 24. cxd4 Ne5 25. d5 Nc4 26. hxg5 hxg5 27. Qc1
Qe7 28. Kg2 Qf6 29. b3 Ne5 30. Qe3 Ng6 31. Qd2 Nf4+ 32. Bxf4 gxf4 33. Rg1 Re5
34. Kf1 Rh5 35. Rc1 Rh2 36. Rg4 Kh8 37. Rc6 Qxc6 38. Qxf4 Rh1+ 39. Kg2 Qh6 40.
Qxh6+ Rxh6 41. Kg3 Rg6 42. Kf4 Bh6+ 43. Kf5 Kg7 44. f4 Rxg4 45. Kxg4 Kf6 46.
e5+ Ke7 47. d6+ Ke6 48. Kf3 Kf5 0-1